Vocabulary - C - Statistics

General Stats
  • This quiz has been taken 26 times
  • The average score is 7 of 15
Answer Stats
Hint Answer % Correct
the thing on top of a wine bottle Cork
100%
what superheroes wear Cape
88%
what Hannibal was Cannibal
72%
disease which cells divide uncontrollably and destroy body tissue Cancer
68%
a country that no longer exists that contained the Czech Republic and Slovakia Czechoslovakia
60%
another term for rad Cool
52%
rough/thick area of skin made by repeated irritation/pressure Callus
48%
a small sheltered bay Cove
44%
green vegetable Cabbage
40%
a mixture of varying ingredients Concoction
28%
a secret plan by a group to do something unlawful or harmful Conspiracy
24%
a cheese or accommodation type Cottage
12%
resembling a corpse Cadaverous
8%
2 books in the bible that talk about a messianic king Chronicles
8%
agreement Covenant
4%
No matching quizzes found
Score Distribution
Percent of People with Each Score
Percentile by Number Answered
Your Score History
You have not taken this quiz